000 00823nam a2200217 i 4500
001 41663
003 ES-MaACL
005 20250902063053.0
007 t|
008 030311s1936 cu ||||1| spa d
100 1 _aCastellanos G., Gerardo,
_d1879-1956
_936523
245 1 0 _aTópicos coloniales en torno a Guanabacoa /
_cdiscursos leídos en la recepción pública de Gerardo Castellanos ; contesta en nombre de la corporación René Lufríu y Alonso.
260 _aLa Habana :
_bEl Siglo XX,
_c1936.
300 _a132 p. ;
_c25 cm.
500 _aPrecede al tít.: Academia de la Historia de Cuba.
651 4 _aGuanabacoa-
_xHistoria.
_9158596
700 1 _aLufríu y Alonso, René.
_9158595
710 2 _aAcademia de la Historia de Cuba.
_91183
852 _aES-MaACL
_j1817-F-12
999 _c41663
_d41663